Представление документа в формате RUSMARC

ПолеНазваниеЗначение
  Тип записи a
  Библиографический уровень m
001 Контрольный номер 6f8349b7254d40d2adb4c5729d26cdb6
005 Дата корректировки 20260626114410.8
010 Индекс ISBN __
a ISBN 978-5-9614-9559-1
b Уточнения рус.
010 Индекс ISBN __
a ISBN 978-88-07-03560-9
b Уточнения итал.
9 Тираж 3000 экз.
100 Данные общей обработки __
a Данные общей обработки 20260625d2026 m y0rusy028902 ca
101 Язык документа 1_
a Язык текста rus
c Язык оригинала ita
102 Страна публикации __
a Страна публикации RU
105 Кодированные данные (монография) __
a Кодированные данные (монография) y z 000ay
181 Поле кодированных данных: вид содержания _0
a Код вида содержания (ISBD) i
182 Поле кодированных данных: тип средства _0
a Код типа средства (ISBD) n
200 Заглавие и сведения об ответственности 1_
a Заглавие Девичья фамилия
e Сведения, относящиеся к заглавию роман
f Первые сведения об ответственности Аврора Тамиджо
g Последующие сведения об ответственности перевод с итальянского Яны Богдановой
203 Вид содержания и тип средства __
c Тип средства непосредственный
a Вид содержания Текст
210 Выходные данные 1_
a Место издания Москва
c Издательство Альпина Паблишер
c Издательство Belles Lettres
d Дата издания 2026
215 Физическое описание __
a Объем 501, [2] с.
d Формат 20 см
330 Аннотация __
a Аннотация Роза - упрямая, как горные цветы, пробивающиеся сквозь камень к солнцу, сбегает из родительского дома с возлюбленным, вместе с ним открывает харчевню, а после гибели мужа становится главой семьи. Ее дочь Сельма - нежная, словно вышивка, которую она не выпускает из рук, выходит замуж вопреки материнскому совету. Когда избранник предает ее, растратив приданое, она сохраняет семью ради дочерей. Патриция, Лавиния и Маринелла наследуют не только черты характера матери и бабушки, но и семейные травмы. Им предстоит вспомнить уроки Сельмы и Розы, чтобы начать жить, следуя собственным мечтам. Итальянские критики называют дебютный роман Авроры Тамиджо "Сто лет одиночества" с женским лицом", ставя его в один ряд с "Семейным лексиконом" Наталии Гинзбург и прозой Грации Деледды. От патриархальных 1920-х до бурных 1980-х, от безмолвного согласия к обретению голоса - в этой хронике женской силы и солидарности сохранение девичьей фамилии становится символом свободы.
333 Примечание о целевом назначении __
a Примечание о целевом назначении 16+. Для детей старше 16 лет
454 Оригинал _0
1 2001
a Il cognome delle donne
f Aurora Tamigio
1 700 1
a Tamigio
g Aurora
b A.
606 Тематические рубрики __
2 Код системы nlr_sh
a Основная рубрика Художественная литература
606 Тематические рубрики __
2 Код системы nlr_sh
a Основная рубрика Литература Европы (произведения)
y Географическая подрубрика Италия
z Хронологическая подрубрика 21 в.
610 Ключевые слова 0_
a Ключевые слова зарубежная литература
610 Ключевые слова 0_
a Ключевые слова современная литература
610 Ключевые слова 0_
a Ключевые слова итальянская литература
610 Ключевые слова 0_
a Ключевые слова романы
610 Ключевые слова 0_
a Ключевые слова тема женских судеб
610 Ключевые слова 0_
a Ключевые слова женская проза
610 Ключевые слова 0_
a Ключевые слова женские судьбы
610 Ключевые слова 0_
a Ключевые слова семейные саги
610 Ключевые слова 0_
a Ключевые слова тема сильных женщин
610 Ключевые слова 0_
a Ключевые слова сильные женщины
686 Индексы других классификаций __
2 Код системы rubbks
a Классификационный индекс 84(4Ита)6-4
700 Автор _1
a Фамилия Тамиджо
b Имя А.
g Полное личное имя Аврора
f Даты 1988-
4 Код отношения 070
702 Вторичная интеллектуальная ответственность _1
a Фамилия Богданова
b Имя Я. А.
g Полное личное имя Яна А.
4 Код отношения 730
801 Источник записи _0
b Организация Муниципальное бюджетное учреждение культуры "Централизованная библиотечная система" г. Сургут (Центральная городская библиотека им. А. С. Пушкина)
a Страна RU
c Дата составления 20260625
g Правила каталогизации PSBO
801 Источник записи _1
b Организация Муниципальное бюджетное учреждение культуры "Централизованная библиотечная система" г. Сургут (Центральная городская библиотека им. А. С. Пушкина)
a Страна RU
c Дата составления 20260625
g Правила каталогизации PSBO
852 Данные о местонахождении 5_
j Шифр хранения 84(4Ита)6-4
i Авторский знак Т 17
901 Тип документа __
a Ответственный КиК/Обаева
t Тип документа m
901 Тип документа __
a Ответственный без партии
903 Характеристики (МАРС) __
a Дата передачи 20260625
c Наименование библиотеки (МАРС) Муниципальное бюджетное учреждение культуры "Централизованная библиотечная система" г. Сургут (Центральная городская библиотека им. А. С. Пушкина)